Teaching Bible stories more effectively with puppets. (Record no. 3408)

000 -LEADER
fixed length control field 00636nam a2200193 a 4500
001 - CONTROL NUMBER
control field :::00001138$&:&@@
003 - CONTROL NUMBER IDENTIFIER
control field OkBaRHE
005 - DATE AND TIME OF LATEST TRANSACTION
control field 20090408152658.0
008 - FIXED-LENGTH DATA ELEMENTS--GENERAL INFORMATION
fixed length control field s1976 j 000 0 eng u
040 ## - CATALOGING SOURCE
Transcribing agency
100 1# - MAIN ENTRY--PERSONAL NAME
Personal name Sylwester, Roland.
245 10 - TITLE STATEMENT
Title Teaching Bible stories more effectively with puppets.
260 ## - PUBLICATION, DISTRIBUTION, ETC. (IMPRINT)
Place of publication, distribution, etc St. Louis, MO., :
Name of publisher, distributor, etc Concordia Publishing House
Date of publication, distribution, etc c1976
300 ## - PHYSICAL DESCRIPTION
Extent 64 p. : illus. ;
Dimensions 28 cm.
650 ## - SUBJECT ADDED ENTRY--TOPICAL TERM
Topical term or geographic name as entry element Bible Stories
650 ## - SUBJECT ADDED ENTRY--TOPICAL TERM
Topical term or geographic name as entry element Puppets and Puppet-plays in Christian Education
942 ## - ADDED ENTRY ELEMENTS (KOHA)
Source of classification or shelving scheme
Koha item type Books
Copies
Shelving location Koha item type Copy number Current Location Full call number Date last seen Lost status Date acquired Source of classification or shelving scheme Price effective from Not for loan Damaged status Permanent Location Barcode Withdrawn status
General StacksBooks1RHEMA Bible Training CollegeBS 546 .S92018-02-22 2010-04-14 2010-04-14  RHEMA Bible Training College1138 
 Books RHEMA Bible Training College 2018-02-20Missing2018-02-20 2018-02-20  RHEMA Bible Training College